|
|
|
|
| LEADER |
00000nas a2200000 a 4500 |
| 001 |
vtls011698483 |
| 003 |
SK-MaSNL |
| 005 |
20260228164525.0 |
| 008 |
170621d20022005xo mr 0 b0slo |
| 022 |
|
|
|a 1336-0787
|
| 040 |
|
|
|a SNK
|b slo
|c SNK
|e AACR2
|
| 041 |
0 |
|
|a slo
|
| 044 |
|
|
|a xo
|c SK
|
| 072 |
|
7 |
|a 37.014
|x Vzdelávacia a výchovná politika
|2 konspekt
|
| 072 |
|
7 |
|a 271/279
|x Kresťanské cirkvi, sekty, denominácie
|2 konspekt
|
| 080 |
|
|
|a 279.13/.14-726.6
|2 2011
|
| 080 |
|
|
|a 27-23
|2 2011
|
| 080 |
|
|
|a (051.053.2)
|2 2011
|
| 080 |
|
|
|a 050
|2 2011
|
| 245 |
0 |
0 |
|a Evanjelium pre nás - deti a našich kamarátov
|
| 246 |
3 |
3 |
|a EPD
|
| 260 |
|
|
|a Vrútky
|b Advent-Orion
|c 2002-[2005]
|
| 300 |
|
|
|a 4 zv.
|c 21 cm
|
| 310 |
|
|
|a 1x mesačne
|
| 362 |
0 |
|
|a 2002-2005
|
| 500 |
|
|
|a Má rovnaké ISSN ako časopis Pathfinder
|
| 500 |
|
|
|a Má priebežné číslovanie
|
| 500 |
|
|
|a Zodp. red.:2003-2005, Marcela Bieliková
|
| 500 |
|
|
|a Názov v tiráži: EPD - príloha časopisu Pathfinder - časopis klubu Prieskumník-Pathfinder v SR
|
| 500 |
|
|
|a Vydáva Advent -Orion, Vrútky pre potreby občianskeho združenia Klub Prieskumník-Pathfinder
|
| 630 |
0 |
7 |
|a Biblia
|2 SNKPH
|9 17043
|
| 650 |
0 |
7 |
|a adventisti
|2 SNKPH
|9 67869
|
| 655 |
|
7 |
|a časopisy pre deti
|2 SNKPH
|9 114921
|
| 700 |
1 |
|
|a Bieliková, Marcela
|4 lso
|9 11719
|
| 710 |
2 |
|
|a Klub Prieskumník - Pathfinder (občianske združenie)
|4 pbl
|9 52128
|
| 772 |
0 |
|
|t Pathfinder
|x 1336-0787
|w vtls011698332
|
| 910 |
|
|
|a snk
|
| 999 |
|
|
|c 13921
|d 15851
|
| 952 |
|
|
|0 0
|1 0
|4 0
|7 0
|8 0
|a SNK
|b SNK
|d 2017-06-22
|i snk2017/14663
|l 0
|o snkČSC 3727/2/2003
|p 17A1207838
|r 2026-02-21 22:18:27
|t č. 1-8
|w 2026-02-21
|y PREZ
|
| 952 |
|
|
|0 0
|1 0
|4 0
|7 0
|8 0
|a SNK
|b SNK
|d 2017-06-22
|i snk2017/14663
|l 0
|o snkČSC 3727/3/2004
|p 17A1207837
|r 2026-02-21 22:18:27
|t č. 9-20
|w 2026-02-21
|y PREZ
|
| 952 |
|
|
|0 0
|1 0
|4 0
|7 0
|8 0
|a SNK
|b SNK
|d 2017-06-22
|i snk2017/14663
|l 0
|o snkČSC 3727/4/2005
|p 17A1207836
|r 2026-02-21 22:18:27
|t č. 21-24
|w 2026-02-21
|y PREZ
|
| 952 |
|
|
|0 0
|1 0
|4 0
|7 0
|8 0
|a SNK
|b SNK
|d 2017-06-22
|i snk2017/14666
|l 0
|o snkČSC 3727/2/2003 D1
|p 17A1207835
|r 2026-02-21 22:18:27
|t č. 1-8
|w 2026-02-21
|y PREZ
|
| 952 |
|
|
|0 0
|1 0
|4 0
|7 0
|8 0
|a SNK
|b SNK
|d 2017-06-22
|i snk2017/14666
|l 0
|o snkČSC 3727/3/2004 D1
|p 17A1207834
|r 2026-02-21 22:18:27
|t č. 9-20
|w 2026-02-21
|y PREZ
|
| 952 |
|
|
|0 0
|1 0
|4 0
|7 0
|8 0
|a SNK
|b SNK
|d 2017-06-22
|i snk2017/14666
|l 0
|o snkČSC 3727/4/2005 D1
|p 17A1207833
|r 2026-02-21 22:18:27
|t č. 21-24
|w 2026-02-21
|y PREZ
|